Efficiency in location and interregional flows: the Indian cement industry during the five year plans 1950-1959 (Record no. 366247)

000 -LEADER
fixed length control field 00415cam a22001217a 4500
008 - FIXED-LENGTH DATA ELEMENTS--GENERAL INFORMATION
fixed length control field 180718b1965 xxu||||| |||| 00| 0 eng d
082 ## - DEWEY DECIMAL CLASSIFICATION NUMBER
Classification number T23x54 G346
100 ## - MAIN ENTRY--PERSONAL NAME
Personal name Ghosh, A.
245 ## - TITLE STATEMENT
Title Efficiency in location and interregional flows: the Indian cement industry during the five year plans 1950-1959
Statement of responsibility, etc. by A. Ghosh
260 ## - PUBLICATION, DISTRIBUTION, ETC.
Place of publication, distribution, etc. Amsterdam
Name of publisher, distributor, etc. North-Holland
Date of publication, distribution, etc. 1965
300 ## - PHYSICAL DESCRIPTION
Extent 103p.
650 ## - SUBJECT ADDED ENTRY--TOPICAL TERM
Topical term or geographic name entry element Cement industries --India
Holdings
Withdrawn status Lost status Damaged status Not for loan Permanent Location Current Location Date acquired Full call number Barcode Date last seen Price effective from Koha item type
        Indian Institute of Public Administration Indian Institute of Public Administration 1994-05-02 T23x54 G346 37924 2018-07-21 2018-07-21 Book

Powered by Koha